The Booth interstate /

Bibliographic Details
Main Author: Rabbitt, Thomas, 1943-
Format: Book
Language:English
Published: New York : Knopf, 1981.
Edition:1st ed.
Series:Knopf poetry series ; 3.

MARC

Tag First Indicator Second Indicator Subfields
LEADER 00000pam a2200000 a 4500
001 in00000071480
005 20151008062237.0
008 801031s1981 nyu 00010 engm
010 |a  80007975  
020 |a 0394513827 :  |c $9.95 
020 |a 0394739620 (pbk.) :  |c $4.95 
035 |a (OCoLC)06942983 
035 |9 AAJ9815AM 
040 |a DLC  |c DLC  |d m.c.  |d TXA  |d UtOrBLW 
049 |a TXAM  |c [1387233] 
050 0 0 |a PS3568.A22  |b B6 1981 
082 0 |a 811/.54  |2 19 
100 1 |a Rabbitt, Thomas,  |d 1943- 
245 1 4 |a The Booth interstate /  |c Thomas Rabbitt. 
250 |a 1st ed. 
264 1 |a New York :  |b Knopf,  |c 1981. 
300 |a 55 pages ;  |c 22 cm. 
336 |a text  |b txt  |2 rdacontent 
337 |a unmediated  |b n  |2 rdamedia 
338 |a volume  |b nc  |2 rdacarrier 
490 1 |a Knopf poetry series ;  |v 3] 
830 0 |a Knopf poetry series ;  |v 3. 
999 |a MARS 
999 f f |s 8bb1bd6f-3725-3dfe-a4d0-6be3bbf91867  |i 2139c74c-ee0a-3a62-bfd8-28cacc84a663  |t 0 
952 f f |p ric  |a Texas A&M University  |b Rellis Campus  |c Joint Library Facility  |d Remote Storage  |t 0  |e PS3568.A22 B6 1981  |h Library of Congress classification  |i unmediated -- volume  |m A14806193191 
998 f f |a PS3568.A22 B6 1981  |t 0  |l Remote Storage